<?xml version="1.0" encoding="UTF-8"?>
<record
    xmlns:xsi="http://www.w3.org/2001/XMLSchema-instance"
    xsi:schemaLocation="http://www.loc.gov/MARC21/slim http://www.loc.gov/standards/marcxml/schema/MARC21slim.xsd"
    xmlns="http://www.loc.gov/MARC21/slim">

  <leader>00366nam a22001097a 4500</leader>
  <controlfield tag="008">150824b        xxu||||| |||| 00| 0 eng d</controlfield>
  <datafield tag="020" ind1=" " ind2=" ">
    <subfield code="a"> 0821333542</subfield>
  </datafield>
  <datafield tag="082" ind1=" " ind2=" ">
    <subfield code="a">338.18 UMA</subfield>
  </datafield>
  <datafield tag="100" ind1=" " ind2=" ">
    <subfield code="a">UMALI-DEININGER DINA.(ed)</subfield>
    <subfield code="b">MAGUIRE CHARLES (ed)</subfield>
  </datafield>
  <datafield tag="245" ind1=" " ind2=" ">
    <subfield code="a">AGRICUlTURE IN LIBERALIZING ECONOMIES:</subfield>
    <subfield code="b">CHANGING ROLES FOR GOVERNMENTS</subfield>
  </datafield>
  <datafield tag="260" ind1=" " ind2=" ">
    <subfield code="a">WASHINGTON .D.C:</subfield>
    <subfield code="b">THE WORD BANK,</subfield>
    <subfield code="c">1995.</subfield>
  </datafield>
  <datafield tag="999" ind1=" " ind2=" ">
    <subfield code="c">536</subfield>
    <subfield code="d">536</subfield>
  </datafield>
  <datafield tag="952" ind1=" " ind2=" ">
    <subfield code="0">0</subfield>
    <subfield code="1">0</subfield>
    <subfield code="2">ddc</subfield>
    <subfield code="4">0</subfield>
    <subfield code="6">338_180000000000000_UMA</subfield>
    <subfield code="7">0</subfield>
    <subfield code="9">780</subfield>
    <subfield code="a">1000</subfield>
    <subfield code="b">1000</subfield>
    <subfield code="d">2015-08-24</subfield>
    <subfield code="l">0</subfield>
    <subfield code="o">338.18 UMA</subfield>
    <subfield code="p">000000009175</subfield>
    <subfield code="r">2019-07-29</subfield>
    <subfield code="w">2015-08-24</subfield>
    <subfield code="y">BOOKS</subfield>
  </datafield>
</record>
